Estatísticas para Países mais próximos da Guiné-Bissau

Clique aqui para jogar o quiz

Estatísticas Gerais

  • Esse quiz foi jogado 22 vezes
  • A pontuação média é 17 de 20

Estatísticas das Respostas

kmpaís% Correto
0Guiné
100%
1511Níger
100%
1832Nigéria
100%
0Senegal
100%
1657Argélia
95%
61Gâmbia
95%
208Mali
95%
1668Marrocos
95%
1586Benim
90%
900Burkina Faso
90%
758Cabo Verde
90%
637Côte d'Ivoire
90%
1188Gana
90%
280Mauritânia
90%
249Serra Leoa
90%
1479Togo
85%
519Libéria
80%
1674Espanha
40%
2225Portugal
40%
921Saara Ocidental
20%

Distribuição das Pontuações

Percentil de Números Respondidos

Porcentagem de Pessoas com Cada Pontuação

Sua Pontuação Histórica

Você não jogou esse quiz